| 000 | 00704nam a2200241 i 4500 | ||
|---|---|---|---|
| 001 | 73404 | ||
| 003 | ES-MaACL | ||
| 005 | 20250829045053.0 | ||
| 007 | t| | ||
| 008 | 041007s2004 sp ||||1| spa d | ||
| 020 | _a84-8460-318-0 | ||
| 080 | _a329.055.2 | ||
| 100 | 1 |
_aYanke, Germán. _9117558 |
|
| 245 | 1 | 0 |
_aSer de derechas _b: manifiesto para desmontar una leyenda negra / _cGermán Yanke. |
| 250 | _a1ª ed. | ||
| 260 |
_aMadrid : _bTemas de Hoy, _c2004. |
||
| 300 |
_a190 p. ; _c24 cm. |
||
| 490 | 1 | _aGrandes temas | |
| 650 | 4 |
_aDerecha (Política) _911600 |
|
| 830 | 0 | 0 |
_aGrandes temas (Temas de Hoy) _9237065 |
| 852 |
_aES-MaACL _jL-28190 _bR.134062 |
||
| 999 |
_c73404 _d73404 |
||